| 000 | 00763cam a2200277 4500 | ||
|---|---|---|---|
| 001 | J63731 | ||
| 008 | 000000n2001 000 0 eng u | ||
| 035 | _a(Sirsi) u111351 | ||
| 041 | _aeng | ||
| 050 | _a333.33016 | ||
| 110 |
_aInvestment Property Databank _92288 |
||
| 245 | _aIPD UK monthly index - January -December 2001 | ||
| 260 |
_aLondon _bIPD _c2001 |
||
| 300 | _a12 pt. ; 30cm. | ||
| 520 | _aAvailable on the IPD website http://www.ipdindex.co.uk | ||
| 650 | _aCAPITAL VALUES | ||
| 650 | _aINDUSTRIAL PROPERTY | ||
| 650 | _aOFFICES | ||
| 650 | _aPROPERTY INDICES | ||
| 650 | _aRENTS | ||
| 650 | _aRETAIL PROPERTY | ||
| 650 | _aYIELDS | ||
| 690 | _aPROPERTY-COMMERCIAL PROPERTY | ||
| 856 | _uhttps://www.ipdindex.co.uk | ||
| 942 | _n0 | ||
| 999 |
_c101232 _d101232 |
||